000 00574nam a2200229Ia 4500
003 OSt
005 20220924153016.0
006 a|||||r|||| 00| 0
007 ta
008 220923b |||||||| |||| 00| 0 guj d
024 _a346423
037 _cTextual
040 _aARTS
_cARTS
_bguj
041 _2guj
_aguj
082 _aO156,3M871x, K2.1-.3
100 _aMunshi
_9100248
245 0 _aTapsavani
260 _c1962
650 _aGUJRATI LITERATURE
942 _hO156,3M871x, K2.1-.3
_cTEXL
_2CC
999 _c471965
_d471965